Λογοτεχνική θεωρία : μια συνοπτική εισαγωγή

Αποθηκεύτηκε σε:
Λεπτομέρειες βιβλιογραφικής εγγραφής
Κύριος συγγραφέας: Culler, Jonathan D.
Μορφή: Βιβλίο
Γλώσσα:Greek
English
Δημοσίευση: Ηράκλειο : Πανεπιστημιακές Εκδόσεις Κρήτης, 2003.
Έκδοση:2ή έκδ.
Σειρά:Θεωρία και κριτική της λογοτεχνίας (Πανεπιστημιακές Εκδόσεις Κρήτης)
Θέματα:
Ετικέτες: Προσθήκη ετικέτας
Δεν υπάρχουν, Καταχωρήστε ετικέτα πρώτοι!

MARC

LEADER 00000cam a2200000 i 4500
001 1/84101
008 080508s2003 gr | ||| |||| ||gre||
020 |a 9605241145 
035 |l 10097104 
040 |a GR-MyUa  |b gre  |e AACR2 
041 1 |a gre  |h eng 
082 7 |a 801.95   |2 (22) 
100 1 |a Culler, Jonathan D. 
245 1 0 |a Λογοτεχνική θεωρία :   |b μια συνοπτική εισαγωγή /   |c Τζόναθαν Κάλλερ ; μετάφραση Καίτη Διαμαντάκου.  
250 |a 2ή έκδ. 
260 |a Ηράκλειο :   |b Πανεπιστημιακές Εκδόσεις Κρήτης,   |c 2003.  
300 |a x, 201 σ. ;   |c 21 εκ. 
490 1 |a (Θεωρία και κριτική της λογοτεχνίας / Πανεπιστημιακές Εκδόσεις Κρήτης) 
500 |a Τίτλος πρωτοτύπου: Literary theory : a very short introduction. 
504 |a Βιβλιογραφία: σ. [185]-194. Ευρετήρια.  
650 0 |a Criticism. 
830 0 |a Θεωρία και κριτική της λογοτεχνίας (Πανεπιστημιακές Εκδόσεις Κρήτης) 
852 |a INST  |b LESVOS  |e 20231017  |h 801.95 CUL  |p 005100062272  |q 005100062272  |t BK  |y 0 
852 |a INST  |b SYROS  |e 20080508  |h 801.95 CUL  |p 005500006030  |q 005500006030  |t BK  |y 0 
901 |a BIBL5-2008-2 
922 |a 5ΕΛΗ  |b 200705  |c ΕΠΕΑΕΚ2/ΤΜΣΠΣ  |d Σ. Πατάκης 
970 |a Κοντού  |b Παρασκευή  |z 08/05/2008